000 00635nam a22002177a 4500
003 UA-OsUOA
001 74657
007 ta
008 20110414b un ||||| |||| 00| 0 ukr d
100 _aКарслян К.
090 _a330
_bК26
942 _cSA
040 _aUA-OsUOA
_brus
_cUA-OsUOA
_dUA-OsUOA
245 _aМеханизм и тенденции эволюции мирового рынка фьючерсов
300 _aС.12-17
955 _a0
041 _arus
080 _a330
773 0 _w74655
_tМеждународная экономика
_dМ.
_d2011
_g2
650 7 _a330 Економіка взагалі
_2UDC
999 _c360940
_d360940